Les perts respectives du fisc , du personnel et des capitaux dans l'activité des sociétés françaises / (Record no. 116638)

MARC details
000 -LEADER
campo de control de longitud fija 00585nam a2200157 4500
001 - NÚMERO DE CONTROL
campo de control 116638
003 - IDENTIFICADOR DE NÚMERO DE CONTROL
campo de control ES-MaACL
005 - FECHA Y HORA DE LA ÚLTIMA TRANSACCIÓN
campo de control 20230906190736.0
007 - CAMPO FIJO DE DESCRIPCIÓN FÍSICA--INFORMACIÓN GENERAL
campo de control de longitud fija t|
008 - DATOS DE LONGITUD FIJA--INFORMACIÓN GENERAL
campo de control de longitud fija 061121s1934 fr r ||||1| fre d
110 2# - ENTRADA PRINCIPAL--NOMBRE DE ENTIDAD CORPORATIVA
Nombre de entidad corporativa o nombre de jurisdicción como elemento de entrada Association Nationale des Sociétés par Actions.
9 (RLIN) 1827
245 14 - MENCIÓN DEL TÍTULO
Título Les perts respectives du fisc , du personnel et des capitaux dans l'activité des sociétés françaises /
Mención de responsabilidad, etc. Associaation Nationale des Sociétés par Actions.
260 ## - PUBLICACIÓN, DISTRIBUCIÓN, ETC.
Lugar de publicación, distribución, etc. Paris :
Nombre del editor, distribuidor, etc. Institut de Satatique de l'Université,
Fecha de publicación, distribución, etc. 1934.
300 ## - DESCRIPCIÓN FÍSICA
Extensión 72 p. ;
Dimensiones 24 cm.
852 ## - LOCALIZACIÓN
Ubicación ES-MaACL
Número de control de estantería 1773-F-16
Holdings
Estatus retirado Estado de pérdida Estado de daño No para préstamo Colección Biblioteca de origen Biblioteca actual Ubicación en estantería Fecha de adquisición Fuente de adquisición Total de préstamos Signatura topográfica completa Código de barras Visto por última vez Precio de reemplazo Tipo de ítem Koha
        Colección de folletos Biblioteca del Ateneo de Madrid Biblioteca del Ateneo de Madrid Depósito folletos 17/01/2008     1773-F-16 1121622 23/02/2023 23/02/2023 Folleto